| 000 | 00979nam a2200241 a 4500 | ||
|---|---|---|---|
| 001 | BRCA_1566 | ||
| 005 | 20190320203454.0 | ||
| 008 | 930817s1992 mx-a---##b---#000-0#spa-# | ||
| 020 | _a9686658165 | ||
| 040 |
_aDLC _cDLC _dDLC |
||
| 050 | 4 |
_aND259.S5 _b.M36 1992 |
|
| 100 | 1 |
_aMancera Aguayo, Miguel _95009 |
|
| 245 | 1 | 0 |
_aDavid Alfaro Siqueiros _bpintura mural _cAntonio Rodríguez texto ; Javier Hinojosa fotografía ; Magda González Villarreal diseño ; Víctor Manuel Espíndola coordinación editorial. |
| 260 |
_aMéxico _bBancomext _c1992 |
||
| 300 |
_a151 p. _bil. (algunas a color) _c34 cm. |
||
| 500 | _aIncluye obra mural de Siqueiros : características, técnicas y ubicación 1922-1971 | ||
| 504 | _aBibliografía: p. 149-151 | ||
| 600 | 1 | 4 |
_aSiqueiros, David Alfaro _d1896-1974 _xCrítica e interpretación _95010 |
| 700 | 1 |
_aHinojosa, Javier _94884 |
|
| 700 | 1 |
_aGonzález Villarreal, Magda _95011 |
|
| 700 | 1 |
_aEspíndola, Víctor Manuel _95012 |
|
| 942 |
_2lcc _cB |
||
| 999 |
_c1401 _d1401 |
||